| 000 | 00938nam a2200289 i 4500 | ||
|---|---|---|---|
| 001 | 000048195 | ||
| 003 | DO-SdBNP | ||
| 005 | 20240301125121.0 | ||
| 007 | ta | ||
| 008 | 181205s2015 dr r 000 0 spa d | ||
| 020 | _a9789945581584 | ||
| 040 |
_aDO-SdBNP _bspa _cBNPHU _erda |
||
| 082 | 4 |
_bG859n _222 _a22 |
|
| 100 | 1 |
_aGrillo, Rafael _975640 |
|
| 245 | 1 | 4 |
_aL@s nuev@s caníbales : _bantología del microcuento del caribe Hispano / _cRafael Grillo, Pedro Antonio Valdez, Emilio del Carril. |
| 264 |
_aSanto Domingo : _bEdiciones Unión; _bIsla Negra, _c2015. |
||
| 300 |
_a136 páginas ; _c22 cm. |
||
| 336 |
_2rdacontent _atexto _btxt |
||
| 337 |
_2rdamedia _asin mediación _bn |
||
| 338 |
_2rdacarrier _avolumen _bnc |
||
| 490 | _aLos nuevos caníbales | ||
| 590 | _aInventariado, 2019/BT | ||
| 700 | 1 |
_aValdez, Pedro Antonio, _d1968- _922509 |
|
| 700 | 1 |
_aCarril, Emilio del, _975641 |
|
| 910 | _aBtavárez | ||
| 942 |
_2ddc _cLBS1 |
||
| 999 |
_c47683 _d47683 |
||